1626 1146 1569 1700 1180 1966 1244 1358 1967 1904 1989 1180 1490 1817 1512 1022 1292 1087 1614 1369 1151 1718 1083 1210 1670 1713 1805 1175 1516 1237 1706 1165 1429 1859 1040 1837 1561 1588 1630 1694 1912 1958 1299 1011 1125 1843 1509 1830 1261 1981 1915 1493 1371 1119 1879 1300 1220 1507 1390 1334 1767 1346 1185 1214 1864 1747 1011 1253 1320 1383 1187 1989 1940 1927 1013 1845 1439 1056 1367 1070 1464 1008 1057 1858 1635 1575 1924 1230 1058 1192 1418 1852 1229 1481 1177 1828 1368 1117 1098 BCNSPRNW ULIB Ver.6.0+V

เปลี่ยนเป็นภาษาไทย

Change to English
 แสดงรายละเอียดบรรณานุกรม
  กลับหน้าหลัก

Brief Record : Get Marc (ISO 2709) : E-mail record : QR code < ปิดหน้าต่าง
LEADER : 00000nam 2200000uu 4500
001    13399122879
003     ULIB
008    131024s2013||||th 000 0 eng d
020    ^a9781605470283
060 10 ^aWY159^bK99
100 1  ^aKyle, Terri.
245 10 ^aEssentials of pediatric nursing /^cTerri Kyle, Susan Carman.
250    ^a2nd ed.
260    ^aPhiladelphia :^bWolters Kluwer/Lippincott Williams & Wilkins Health,^c2013.
300    ^a1 v. :^bill. (chiefly col.) ;^c29 cm.
504    ^aIncludes bibliographical references and index.
650 12 ^aPediatric Nursing.
700 1  ^aCarman, Susan.
945    ^p0^l0^i034097
999    ^aกมลทิพย์ ธนสารสุธี
รายการนี้ยังไม่มีแท็ก
คุณยังไม่ได้ล็อกอิน คุณสามารถมีกิจกรรมร่วมกับเว็บไซต์ได้ แต่ต้องล็อกอินก่อน ::
  ล็อกอิน

รายการสื่อสารสนเทศ

ลำดับที่ ประเภท เลขเรียก/บาร์โค้ด สถานที่ สถานะ
1. Book การพยาบาล
Book การพยาบาล
WY159 K99  
  Barcode: 034097
ห้องสมุดวิทยาเขตสวรรค์ประชารักษ์
►หนังสือทั่วไป
บนชั้น

รายการใกล้เคียง
    หัวเรื่อง [Pediatric Nursing.]

BibComment


ยังไม่เคยถูกคอมเมนท์

คอมเมนท์ทรัพยากรรายการนี้
  คอมเมนท์: Essentials of pe..


 Copyright 2026. Bcnsprnw @Library